Ricostruisci la Carriera del Calciatore - Andries Noppert - Statistics

Statistiche generali
  • Questo quiz è stato fatto 6 volte
  • Il punteggio medio è 2 su 5
Statistiche sulle risposte
Hint Risposta % Corretto
2014-2018 NAC Breda
100%
2019-2020 Dordrecht
50%
2018-2019 Foggia
25%
2021-2022 Go Ahead Eagles
25%
2022- Heerenveen
25%
Nessun quiz corrispondente trovato
Distribuzione punteggi
Percentuale di utenti per punteggio
Percentile per numero di risposta
I tuoi punteggi nel tempo
Non hai fatto questo quiz